A text book of engineering mathematics for B.Tech. I year (Record no. 3145)
[ view plain ]
| 000 -LEADER | |
|---|---|
| fixed length control field | 00612 a2200193 4500 |
| 020 ## - INTERNATIONAL STANDARD BOOK NUMBER | |
| Terms of availability | 195.00 |
| 035 ## - SYSTEM CONTROL NUMBER | |
| System control number | B-119757 |
| 037 ## - SOURCE OF ACQUISITION | |
| Source of stock number/acquisition | RP-PR-240 / PANSY-05-06:11 / RP-05-06:ENG |
| 082 14 - DEWEY DECIMAL CLASSIFICATION NUMBER | |
| Classification number | 510 |
| 090 ## - LOCALLY ASSIGNED LC-TYPE CALL NUMBER (OCLC); LOCAL CALL NUMBER (OCLC) | |
| -- | 3207 |
| -- | 3207 |
| 100 1# - MAIN ENTRY--PERSONAL NAME | |
| Personal name | Bali, N.P. |
| 245 1# - TITLE STATEMENT | |
| Title | A text book of engineering mathematics for B.Tech. I year |
| Statement of responsibility, etc | by N.P.Bali, Manish Goyal |
| 250 ## - EDITION STATEMENT | |
| Edition statement | 3rd ed. |
| 260 ## - PUBLICATION, DISTRIBUTION, ETC. (IMPRINT) | |
| Place of publication, distribution, etc | New Delhi |
| Name of publisher, distributor, etc | Laxmi Publications |
| Date of publication, distribution, etc | 2006 |
| 300 ## - PHYSICAL DESCRIPTION | |
| Extent | 491 p |
| Dimensions | 24 cm (pbk) |
| 700 ## - ADDED ENTRY--PERSONAL NAME | |
| Personal name | Goyal, Manish |
| 942 ## - ADDED ENTRY ELEMENTS (KOHA) | |
| Institution code [OBSOLETE] | dpl |
| Koha item type | English Books |
| Call number prefix | 510 / BAL |
| Withdrawn status | Lost status | Source of classification or shelving scheme | Damaged status | Not for loan | Home library | Current library | Cost, normal purchase price | Total Checkouts | Full call number | Barcode | Date last seen | Uniform Resource Identifier | Cost, replacement price | Price effective from | Koha item type |
|---|---|---|---|---|---|---|---|---|---|---|---|---|---|---|---|
| Dewey Decimal Classification | Peshwa Road | Peshwa Road | 195.00 | 510 BAL | B-119757 | 15/09/2008 | 3345 | 195.00 | 15/09/2008 | English Books |
